000
00313nam a2200121Ia 4500
008
190216s9999||||xx |||||||||||||| ||und||
100
_a
Ray Chaudhuri
245
0
_a
Social Cultural And Economic History Of India
260
_b
Prentice Hall India
_c
1985
300
_a
545
650
_a
Indian History
942
_c
BK
999
_c
19434
_d
19434